00611nam a2200181 a 450000100060000000300090000600800410001504000280005608200170008410000300010124500270013126000340015830000110019250000470020350501410025065000150039165000230040614729CO-ViMGA141112s2004 ck r 000 u spa d aCO-ViMGAbspacCO-ViMGA04aFr398.0986591 aRodríguez, Omar Marino.10aJoropos y Compositores aVillavicencio.Juan XXIII.1997 a114.p. aEn : Joropos y compositores; Fr 398.098659 aLuis Ariel Rey Marcos Rodriguez Pedro Hugo Mantilla Melecio Montaña Juan Farfan Jose Ulpiano Sanabria Gil Arialdo Rey Otoniel Ospína14aBIOGRAFIAS14aCANCIONERO LLANERO